000
00275nam a22001217a 4500
008
230704b xxu||||| |||| 00| 0 eng d
082
_a
362.1
_b
WHO 1988
245
_a
World Health Forum
260
_b
WHO
_c
1988
300
_a
282p
440
_n
2
_v
9
_x
02512432
942
_2
ddc
_c
BK
999
_c
3771
_d
3771